[Event "Mittelfrank Regionalliga Nord-Ost 2122"]
[Site "Mittelfranken"]
[Date "2022.05.15"]
[Round "5.4"]
[White "Mueller, Christian7777"]
[Black "Illetsko, Jaroslav"]
[Result "1-0"]
[WhiteElo "1930"]
[BlackElo "2064"]
[PlyCount "91"]
[EventDate "2021.10.24"]
[EventType "team-tourn"]
[EventRounds "9"]
[EventCountry "GER"]
[SourceTitle "EXT 2024"]
[Source "ChessBase"]
[SourceDate "2023.10.10"]
[SourceVersion "1"]
[SourceVersionDate "2023.10.10"]
[SourceQuality "1"]
[WhiteTeam "Nuernberg Sued SW II"]
[BlackTeam "Windischeschenbach"]
[WhiteTeamCountry "GER"]
[BlackTeamCountry "GER"]

1. e4 g6 2. d4 Bg7 3. Nc3 a6 4. a4 b6 5. Nf3 d6 6. Bc4 e6 7. 0-0 Bb7 8. Re1 Ne7 9. Be3 0-0 10. Qd2 d5 11. exd5 Nxd5 12. Nxd5 Bxd5 13. Bxd5 Qxd5 14. Bh6 Nc6 15. Bxg7 Kxg7 16. Qf4 Rac8 17. c3 Qd6 18. Qe4 Rfd8 19. h3 Ne7 20. Ne5 c5 21. Rad1 c4 22. Qb7 a5 23. Qf3 Rf8 24. Qe2 Qc7 25. h4 Nd5 26. Qd2 h5 27. Qg5 Qd8 28. Qd2 Qxh4 29. Qe2 Qg5 30. Nxc4 Rxc4 31. Qxc4 Nf4 32. Qf1 h4 33. Re3 h3 34. Rg3 h2+ 35. Kh1 Qh6 36. Qb5 Rh8 37. Qg5 Qxg5 38. Rxg5 f5 39. Rg3 Kf6 40. Re3 g5 41. Rde1 g4 42. g3 Nd5 43. Rxe6+ Kg5 44. Re8 Rh7 45. R1e5 Nf6 46. R5e7 1-0

[Event "Pardubice op rapid 29th"]
[Site "Pardubice"]
[Date "2018.07.18"]
[Round "2"]
[White "Illetsko, Jaroslav"]
[Black "Jazdanovs, Aleksandrs"]
[Result "0-1"]
[WhiteElo "2177"]
[BlackElo "2205"]
[PlyCount "64"]
[EventDate "2018.07.18"]
[EventType "swiss (rapid)"]
[EventRounds "9"]
[EventCountry "CZE"]
[SourceTitle "CBM 185 Extra"]
[Source "ChessBase"]
[SourceDate "2018.07.29"]
[SourceVersion "1"]
[SourceVersionDate "2018.07.29"]
[SourceQuality "1"]

1. e4 c5 2. Nf3 d6 3. Bb5+ Bd7 4. a4 Bc6 5. 0-0 Nf6 6. e5 dxe5 7. Nxe5 Qc7 8. Re1 e6 9. h3 Bd6 10. Nxc6 Nxc6 11. Nc3 0-0 12. Bxc6 Qxc6 13. d3 c4 14. dxc4 Rfd8 15. Qe2 Bb4 16. Bd2 Rd4 17. Red1 Rxc4 18. Nb5 Bxd2 19. Qxd2 Rxc2 20. Qf4 Nd5 21. Qg3 Rxb2 22. Rdc1 Rc2 23. Rxc2 Qxc2 24. Nxa7 Qc3 25. Qxc3 Nxc3 26. Ra3 Nd5 27. Nb5 b6 28. Kf1 g6 29. g3 Nf6 30. Nc3 Kf8 31. Rb3 Nd7 32. Rb4 Ke7 0-1

[Event "Pardubice op rapid 29th"]
[Site "Pardubice"]
[Date "2018.07.18"]
[Round "1"]
[White "Rakshitta, Ravi"]
[Black "Illetsko, Jaroslav"]
[Result "1-0"]
[WhiteElo "2026"]
[BlackElo "2177"]
[PlyCount "93"]
[EventDate "2018.07.18"]
[EventType "swiss (rapid)"]
[EventRounds "9"]
[EventCountry "CZE"]
[SourceTitle "CBM 185 Extra"]
[Source "ChessBase"]
[SourceDate "2018.07.29"]
[SourceVersion "1"]
[SourceVersionDate "2018.07.29"]
[SourceQuality "1"]

1. e4 g6 2. d4 Bg7 3. Nc3 c6 4. Nf3 d6 5. h3 Nd7 6. Be2 Qc7 7. Be3 Ngf6 8. Qd2 a6 9. 0-0-0 b5 10. e5 Nd5 11. Nxd5 cxd5 12. Bf4 dxe5 13. dxe5 e6 14. Qb4 Qc5 15. Qxc5 Nxc5 16. Be3 Nd7 17. Bd4 0-0 18. Kb1 f6 19. exf6 Nxf6 20. Bd3 Bb7 21. Rhe1 Rae8 22. Ng5 Ne4 23. Bxg7 Kxg7 24. Bxe4 h6 25. Bxg6 Kxg6 26. Nf3 Kg7 27. Re5 Rf4 28. Rd4 Rxd4 29. Nxd4 Kf6 30. f4 b4 31. g4 a5 32. Kc1 a4 33. Kd2 Ba6 34. Nc6 Bf1 35. h4 b3 36. axb3 axb3 37. cxb3 Bh3 38. g5+ hxg5 39. hxg5+ Kf7 40. b4 Bf1 41. Nd4 Rb8 42. Rxe6 Rxb4 43. g6+ Kf8 44. Nf5 Rxb2+ 45. Kc3 Rb7 46. g7+ Kf7 47. Re8 1-0

[Event "Regionalliga NO 1516"]
[Site "Bayern"]
[Date "2016.03.13"]
[Round "8.3"]
[White "Illetsko, Jaroslav"]
[Black "Stoeckl, Stephan"]
[Result "1-0"]
[WhiteElo "2107"]
[BlackElo "2061"]
[PlyCount "97"]
[EventDate "2015.10.11"]
[EventType "team-tourn"]
[EventRounds "9"]
[EventCountry "GER"]
[SourceTitle "EXT 2018"]
[Source "ChessBase"]
[SourceDate "2017.10.13"]
[SourceVersion "1"]
[SourceVersionDate "2017.10.13"]
[SourceQuality "1"]
[WhiteTeam "Windischeschenbach"]
[BlackTeam "Schwandorf"]
[WhiteTeamCountry "GER"]
[BlackTeamCountry "GER"]

1. e4 c5 2. Nf3 e6 3. d4 cxd4 4. Nxd4 Nf6 5. Bd3 Nc6 6. Nxc6 bxc6 7. 0-0 d5 8. Nc3 Be7 9. Qf3 0-0 10. Re1 d4 11. Nb1 e5 12. h3 Qc7 13. a3 Be6 14. Nd2 Nd7 15. Qg3 Bf6 16. Nf3 Qb7 17. Nh2 Nc5 18. f4 Nxd3 19. cxd3 Qe7 20. Nf3 exf4 21. Bxf4 Qd7 22. Bh6 Kh8 23. Bf4 Rfe8 24. Rac1 Rac8 25. b4 g6 26. Be5 Qd8 27. Qf4 Bxe5 28. Qxe5+ Kg8 29. Qxd4 Qc7 30. Qc5 Bxh3 31. Ng5 Re5 32. Qe3 Bd7 33. Qf4 Qb6+ 34. Kh1 Re7 35. Qh4 f6 36. Nf3 Rf8 37. e5 Re6 38. exf6 Rexf6 39. Re7 R6f7 40. Rxf7 Rxf7 41. Ne5 Rg7 42. Qc4+ Kf8 43. Qf4+ Kg8 44. Rf1 Qd8 45. Nf7 Rxf7 46. Qxf7+ Kh8 47. Qf8+ Qxf8 48. Rxf8+ Kg7 49. Ra8 1-0

[Event "CZE-chT1W 1516"]
[Site "Czech Republic"]
[Date "2016.02.14"]
[Round "8.8"]
[White "Pychova, Nela"]
[Black "Illetsko, Jaroslav"]
[Result "1/2-1/2"]
[WhiteElo "2137"]
[BlackElo "2171"]
[PlyCount "92"]
[EventDate "2015.10.11"]
[EventType "team-tourn"]
[EventRounds "11"]
[EventCountry "CZE"]
[SourceTitle "CBM 170 Extra"]
[Source "ChessBase"]
[SourceDate "2016.02.25"]
[SourceVersion "1"]
[SourceVersionDate "2016.02.25"]
[SourceQuality "1"]
[WhiteTeam "Vlasim"]
[BlackTeam "Praha Grop"]
[WhiteTeamCountry "CZE"]
[BlackTeamCountry "CZE"]

1. c4 Nf6 2. Nf3 g6 3. g3 Bg7 4. Bg2 0-0 5. 0-0 d6 6. Nc3 Nc6 7. d3 e5 8. Rb1 a5 9. Bg5 h6 10. Bxf6 Bxf6 11. a3 Bg7 12. b4 axb4 13. axb4 Be6 14. Qb3 Qd7 15. b5 Na5 16. Qb4 b6 17. Nd2 Rab8 18. Nb3 Nb7 19. Ra1 Nc5 20. Ra7 Kh8 21. Qa3 f5 22. Bd5 e4 23. Nxc5 dxc5 24. Bxe6 Qxe6 25. Nd5 c6 26. bxc6 Qxc6 27. Rc7 Ra8 28. Rxc6 Rxa3 29. dxe4 fxe4 30. Rxb6 Ra4 31. Nf4 Rf6 32. Rxf6 Bxf6 33. Nd5 Bd4 34. Rc1 Kg7 35. Rc2 Kf7 36. Kg2 Ra1 37. e3 Be5 38. f3 g5 39. fxe4 Ke6 40. Kf3 h5 41. Kg2 Ra8 42. Kh3 Ra4 43. Kg2 Ra7 44. Kh3 Ra1 45. Kg2 Ra8 46. Kh3 Ra4 1/2-1/2

[Event "CZE-chT1W 1516"]
[Site "Czech Republic"]
[Date "2016.01.31"]
[Round "7.8"]
[White "Kratochvil, Jakub"]
[Black "Illetsko, Jaroslav"]
[Result "0-1"]
[WhiteElo "2075"]
[BlackElo "2171"]
[PlyCount "74"]
[EventDate "2015.10.11"]
[EventType "team-tourn"]
[EventRounds "11"]
[EventCountry "CZE"]
[SourceTitle "CBM 170 Extra"]
[Source "ChessBase"]
[SourceDate "2016.02.25"]
[SourceVersion "1"]
[SourceVersionDate "2016.02.25"]
[SourceQuality "1"]
[WhiteTeam "Praha Pankrac"]
[BlackTeam "Praha Grop"]
[WhiteTeamCountry "CZE"]
[BlackTeamCountry "CZE"]

1. e4 g6 2. d4 Bg7 3. Nf3 c6 4. h3 d5 5. e5 Nh6 6. Bd3 Bf5 7. 0-0 Qc8 8. Bf4 Bxd3 9. Qxd3 Qf5 10. Qd2 Ng8 11. Nc3 h5 12. Ne2 Bh6 13. Bxh6 Nxh6 14. Nf4 Nd7 15. Rfe1 Nf8 16. Nh4 Qg5 17. Nf3 Qf5 18. Nd3 b6 19. a4 a5 20. b4 Ne6 21. Nh4 Qg5 22. Qxg5 Nxg5 23. bxa5 bxa5 24. Nc5 Nf5 25. Nxf5 gxf5 26. Rab1 Ne6 27. Nxe6 fxe6 28. Rb6 Kf7 29. f3 Rhc8 30. Reb1 c5 31. dxc5 Rxc5 32. Rb8 Rxb8 33. Rxb8 Rxc2 34. Rb5 d4 35. Kf1 d3 36. Ke1 f4 37. Rxa5 Rxg2 0-1

[Event "Regionalliga NO 1415"]
[Site "Bayern"]
[Date "2015.02.01"]
[Round "6.2"]
[White "Weber, Daniel1111"]
[Black "Illetsko, Jaroslav"]
[Result "0-1"]
[WhiteElo "2103"]
[BlackElo "2107"]
[PlyCount "80"]
[EventDate "2014.10.19"]
[EventType "team-tourn"]
[EventRounds "9"]
[EventCountry "GER"]
[SourceTitle "EXT 2018"]
[Source "ChessBase"]
[SourceDate "2017.10.13"]
[SourceVersion "1"]
[SourceVersionDate "2017.10.13"]
[SourceQuality "1"]
[WhiteTeam "Bechhofen"]
[BlackTeam "Windischeschenbach"]
[WhiteTeamCountry "GER"]
[BlackTeamCountry "GER"]

1. d4 g6 2. c4 Nf6 3. Nc3 Bg7 4. e4 d6 5. Nf3 0-0 6. Be2 e5 7. dxe5 dxe5 8. Qxd8 Rxd8 9. Bg5 Rf8 10. Nxe5 Nxe4 11. Nxe4 Bxe5 12. 0-0-0 Nd7 13. h4 Re8 14. Bf3 Bg7 15. h5 f5 16. Nc3 c6 17. hxg6 hxg6 18. Kc2 Ne5 19. b3 Be6 20. Rhe1 Rac8 21. Ne2 b5 22. c5 Nxf3 23. gxf3 Bf8 24. Nf4 Bf7 25. b4 a5 26. Rxe8 Rxe8 27. a3 axb4 28. axb4 Ra8 29. Rd8 Rxd8 30. Bxd8 Bh6 31. Nd3 Bd5 32. f4 Be4 33. Bg5 Bg7 34. Kd2 Bxd3 35. Kxd3 Kf7 36. f3 Ke6 37. Bd8 Kd5 38. Bc7 Bd4 39. Bd6 Bf2 40. Be7 Be1 0-1

[Event "Regionalliga NO 1415"]
[Site "Bayern"]
[Date "2014.12.07"]
[Round "4.2"]
[White "Ganaus, Hannes"]
[Black "Illetsko, Jaroslav"]
[Result "1/2-1/2"]
[WhiteElo "2292"]
[BlackElo "2107"]
[PlyCount "102"]
[EventDate "2014.10.19"]
[EventType "team-tourn"]
[EventRounds "9"]
[EventCountry "GER"]
[SourceTitle "EXT 2018"]
[Source "ChessBase"]
[SourceDate "2017.10.13"]
[SourceVersion "1"]
[SourceVersionDate "2017.10.13"]
[SourceQuality "1"]
[WhiteTeam "Regensburg Bavaria"]
[BlackTeam "Windischeschenbach"]
[WhiteTeamCountry "GER"]
[BlackTeamCountry "GER"]

1. d4 Nf6 2. c4 g6 3. Nc3 Bg7 4. e4 d6 5. Nf3 0-0 6. Be2 e5 7. 0-0 Nc6 8. d5 Ne7 9. Kh1 a5 10. a3 h6 11. b3 Nh5 12. Ng1 Nf4 13. Bf3 g5 14. g3 Nfg6 15. Ra2 f5 16. exf5 Bxf5 17. Be4 Bxe4+ 18. Nxe4 b6 19. Qh5 Qd7 20. f3 Qf5 21. Raf2 Nh8 22. a4 Qg6 23. Qxg6 Nhxg6 24. Ne2 Nf5 25. Kg2 Rae8 26. N2c3 Nd4 27. Nd2 Ne7 28. Nb5 Nxb5 29. axb5 Nf5 30. Ne4 Nd4 31. Rb2 Kf7 32. Be3 Nf5 33. Bf2 Kg8 34. h3 Nd4 35. Bxd4 exd4 36. Rd2 Re7 37. Rd3 Ree8 38. g4 Rf4 39. Re1 Kh8 40. Rh1 Kh7 41. Re1 Kg6 42. Kf2 Kh7 43. Ke2 Be5 44. Ng3 Rh8 45. Red1 Rhf8 46. Kf2 Kg6 47. Ne2 h5 48. gxh5+ Kxh5 49. Ng3+ Kg6 50. Ne4 Rh8 51. Rh1 Rh7 1/2-1/2

[Event "CZE-chT2A 1314"]
[Site "Czech Republic"]
[Date "2013.12.01"]
[Round "3.7"]
[White "Sramek, Petr"]
[Black "Illetsko, Jaroslav"]
[Result "1/2-1/2"]
[WhiteElo "1878"]
[BlackElo "2188"]
[PlyCount "115"]
[EventDate "2013.11.03"]
[EventType "team-tourn"]
[EventRounds "11"]
[EventCountry "CZE"]
[SourceTitle "EXT 2015"]
[Source "ChessBase"]
[SourceDate "2014.11.20"]
[SourceVersion "1"]
[SourceVersionDate "2014.11.20"]
[SourceQuality "1"]
[WhiteTeam "Strakonice"]
[BlackTeam "Vysehrad II"]
[WhiteTeamCountry "CZE"]
[BlackTeamCountry "CZE"]

1. e4 d6 2. d4 Nf6 3. Nc3 g6 4. Nf3 Bg7 5. Bc4 Nxe4 6. Bxf7+ Kxf7 7. Nxe4 Rf8 8. c3 Kg8 9. Qb3+ e6 10. Bg5 Qe8 11. h4 b6 12. 0-0-0 Bb7 13. Rde1 Bd5 14. Qc2 Nd7 15. h5 gxh5 16. Rh3 Qg6 17. Rg3 Kh8 18. Be7 Qh6+ 19. Kb1 Rfe8 20. Bg5 Qg6 21. Bf6 Bxe4 22. Bxg7+ Qxg7 23. Qxe4 Qf7 24. Ng5 Qg6 25. Qxg6 hxg6 26. Rxe6 Nf8 27. Ree3 Kg8 28. Kc2 Rad8 29. Kd3 Kg7 30. Rgf3 Rxe3+ 31. Rxe3 Kf6 32. f4 Kf5 33. g3 Kg4 34. d5 Rd7 35. Kc4 a6 36. Ne6 Nh7 37. Kd4 Rf7 38. Nd8 Rd7 39. Nc6 Rf7 40. Nd8 Rd7 41. Nc6 h4 42. gxh4 Rf7 43. Kd3 Rxf4 44. Re7 Nf6 45. Rxc7 Kxh4 46. Nd4 g5 47. Rc6 g4 48. Rxd6 g3 49. Ke3 Kg4 50. Ne2 Rf3+ 51. Kd4 g2 52. Rxb6 Rf2 53. Ng1 Kg3 54. Re6 Kh2 55. Ne2 Kh1 56. Ng3+ Kh2 57. Ne2 Kh1 58. Ng3+ 1/2-1/2

[Event "CZE-chT2C 1213"]
[Site "Czech Republic"]
[Date "2012.12.16"]
[Round "5.8"]
[White "Illetsko, Jaroslav"]
[Black "Melich, Jindrich"]
[Result "0-1"]
[WhiteElo "2177"]
[BlackElo "2089"]
[PlyCount "68"]
[EventDate "2012.10.14"]
[EventType "team-tourn"]
[EventRounds "11"]
[EventCountry "CZE"]
[SourceTitle "EXT 2015"]
[Source "ChessBase"]
[SourceDate "2014.11.20"]
[SourceVersion "1"]
[SourceVersionDate "2014.11.20"]
[SourceQuality "1"]
[WhiteTeam "Vysehrad II"]
[BlackTeam "Pankrac II"]
[WhiteTeamCountry "CZE"]
[BlackTeamCountry "CZE"]

1. d4 d6 2. e4 Nf6 3. Nc3 g6 4. Bc4 Bg7 5. Qe2 Nc6 6. Nf3 0-0 7. e5 Nd7 8. e6 Nf6 9. d5 Na5 10. exf7+ Rxf7 11. Ng5 Rf8 12. Bd3 c6 13. h4 cxd5 14. h5 e5 15. Nxd5 Nxd5 16. Bc4 Nxc4 17. hxg6 hxg6 18. Qxc4 Qa5+ 19. Bd2 Qc5 20. Qh4 Nf6 21. Be3 Qa5+ 22. c3 Bf5 23. f3 d5 24. g4 Bd3 25. Ne6 d4 26. Nxg7 dxe3 27. Ne6 Qd5 28. Ng5 Nh5 29. gxh5 Bc2 30. Rh2 Rf4 31. Qg3 Bf5 32. Rd1 Qxa2 33. hxg6 Bxg6 34. Ne6 Qxe6 0-1

[Event "Regionalliga NO 1112"]
[Site "Bayern"]
[Date "2012.02.26"]
[Round "7.2"]
[White "Illetsko, Jaroslav"]
[Black "Wallinger, Manfred"]
[Result "1-0"]
[WhiteElo "2095"]
[BlackElo "2142"]
[PlyCount "67"]
[EventDate "2011.10.02"]
[EventType "team-tourn"]
[EventRounds "9"]
[EventCountry "GER"]
[SourceTitle "EXT 2015"]
[Source "ChessBase"]
[SourceDate "2014.11.20"]
[SourceVersion "1"]
[SourceVersionDate "2014.11.20"]
[SourceQuality "1"]
[WhiteTeam "Windischeschenbach"]
[BlackTeam "Altensittenbach"]
[WhiteTeamCountry "GER"]
[BlackTeamCountry "GER"]

1. e4 d5 2. exd5 Qxd5 3. Nc3 Qd6 4. Nf3 a6 5. Be2 Nf6 6. 0-0 e6 7. d3 Nc6 8. Bg5 Be7 9. a3 0-0 10. Qd2 b5 11. Rfe1 Bb7 12. Bf4 Qd8 13. h3 Bd6 14. Ne4 Nxe4 15. dxe4 e5 16. Bg5 Qe8 17. Bd3 h6 18. Bh4 Qe6 19. a4 b4 20. b3 Na5 21. Bg3 g5 22. Nh2 f6 23. Ng4 Kh7 24. Ne3 Rad8 25. Nf5 Bc5 26. Qe2 Kg6 27. Qg4 Rfe8 28. Be2 Bf8 29. Qh5+ Kh7 30. Bg4 Qg8 31. Nxh6 Bxh6 32. Bf5+ Kg7 33. Qg6+ Kf8 34. Qxf6+ 1-0

[Event "CZE-chT2C 1112"]
[Site "Czech Republic"]
[Date "2012.02.19"]
[Round "8.7"]
[White "Illetsko, Jaroslav"]
[Black "Travnik, Petr"]
[Result "1-0"]
[WhiteElo "2160"]
[BlackElo "1810"]
[PlyCount "75"]
[EventDate "2011.10.09"]
[EventType "team-tourn"]
[EventRounds "11"]
[EventCountry "CZE"]
[SourceTitle "EXT 2013"]
[Source "ChessBase"]
[SourceDate "2012.11.22"]
[SourceVersion "1"]
[SourceVersionDate "2012.11.22"]
[SourceQuality "1"]
[WhiteTeam "Vysehrad II"]
[BlackTeam "Turnov Zikuda III"]
[WhiteTeamCountry "CZE"]
[BlackTeamCountry "CZE"]

1. e4 c5 2. Nf3 d6 3. d4 cxd4 4. Nxd4 a6 5. g3 g6 6. Bg2 Bg7 7. 0-0 e6 8. c4 Ne7 9. Be3 0-0 10. Nc3 Qc7 11. Rc1 Nd7 12. b3 Rb8 13. Qd2 Nc6 14. Nxc6 bxc6 15. Rfd1 Rd8 16. Qxd6 Be5 17. Qxc7 Bxc7 18. Na4 e5 19. c5 Kg7 20. Nb2 Nf6 21. Rxd8 Bxd8 22. Nc4 Bc7 23. h3 Be6 24. g4 h6 25. f3 a5 26. Bd2 Bxc4 27. Rxc4 Nd7 28. Bf1 Rb5 29. Be3 Rb8 30. Kg2 g5 31. Bf2 f6 32. h4 Kf7 33. Rc1 a4 34. Bc4+ Ke7 35. hxg5 hxg5 36. Rh1 axb3 37. Rh7+ Ke8 38. axb3 1-0

[Event "CZE-chT2C 1112"]
[Site "Czech Republic"]
[Date "2012.01.22"]
[Round "6.7"]
[White "Illetsko, Jaroslav"]
[Black "Krtous, Zdenek"]
[Result "1-0"]
[WhiteElo "2160"]
[BlackElo "2080"]
[PlyCount "69"]
[EventDate "2011.10.09"]
[EventType "team-tourn"]
[EventRounds "11"]
[EventCountry "CZE"]
[SourceTitle "EXT 2013"]
[Source "ChessBase"]
[SourceDate "2012.11.22"]
[SourceVersion "1"]
[SourceVersionDate "2012.11.22"]
[SourceQuality "1"]
[WhiteTeam "Vysehrad II"]
[BlackTeam "Liberec"]
[WhiteTeamCountry "CZE"]
[BlackTeamCountry "CZE"]

1. e4 c5 2. Nc3 Nc6 3. f4 g6 4. Nf3 Bg7 5. Bb5 Nd4 6. Nxd4 cxd4 7. Ne2 a6 8. Bc4 e6 9. c3 d5 10. exd5 exd5 11. Bd3 Bg4 12. 0-0 Ne7 13. h3 Bf5 14. Bxf5 Nxf5 15. g4 Ne7 16. Ng3 0-0 17. f5 Nc6 18. d3 dxc3 19. bxc3 Bxc3 20. Rb1 Be5 21. Kg2 Qd6 22. Ne2 d4 23. Bh6 Qd5+ 24. Kg1 Rfe8 25. fxg6 fxg6 26. Rxb7 Re7 27. Qb3 Qxb3 28. Rxb3 Bg7 29. Bxg7 Kxg7 30. Ng3 Re3 31. Kg2 Ne5 32. Rb7+ Kh6 33. Ne4 g5 34. Rf6+ Ng6 35. Nd6 1-0

[Event "Regionalliga NO 1112"]
[Site "Bayern"]
[Date "2012.01.15"]
[Round "5.2"]
[White "Scheremet, Michael"]
[Black "Illetsko, Jaroslav"]
[Result "1/2-1/2"]
[WhiteElo "2161"]
[BlackElo "2095"]
[PlyCount "52"]
[EventDate "2011.10.02"]
[EventType "team-tourn"]
[EventRounds "9"]
[EventCountry "GER"]
[SourceTitle "EXT 2013"]
[Source "ChessBase"]
[SourceDate "2012.11.22"]
[SourceVersion "1"]
[SourceVersionDate "2012.11.22"]
[SourceQuality "1"]
[WhiteTeam "Fuerth"]
[BlackTeam "Windischeschenbach"]
[WhiteTeamCountry "GER"]
[BlackTeamCountry "GER"]

1. Nf3 Nf6 2. d4 g6 3. c4 Bg7 4. Nc3 d6 5. g3 0-0 6. Bg2 Nc6 7. 0-0 a6 8. d5 Na5 9. Qd3 c5 10. e4 b5 11. Nd2 Nxc4 12. Nxc4 bxc4 13. Qxc4 Rb8 14. Re1 Ne8 15. Rb1 Nc7 16. b4 Nb5 17. Ne2 cxb4 18. Rxb4 Bd7 19. Be3 Na3 20. Rxb8 Nxc4 21. Rxd8 Rxd8 22. Bd4 Rb8 23. Rc1 Bxd4 24. Nxd4 Rb2 25. h4 Nb6 26. Rc2 Rxc2 1/2-1/2